| 000 | 00830nam a22002657a 4500 | ||
|---|---|---|---|
| 001 | 4246 | ||
| 003 | FISKH | ||
| 005 | 20250213160049.0 | ||
| 008 | 240710b cb ||||| |||| 00| 0 eng d | ||
| 020 | _a9780439109901 | ||
| 040 |
_aFISKH _beng _cFISKH _dFISKH |
||
| 050 | _aPZ7.M7835 | ||
| 082 | _a599.5 | ||
| 100 | _aMoore, Eva | ||
| 245 |
_aThe wild whale watch / _cWritten by Eva Moore ; llustrations by John Speirs |
||
| 260 |
_aNew York : _bScholastic, _c2000 |
||
| 300 |
_a75 pages : _billustrations ; _c20 cm |
||
| 505 | _aO | ||
| 520 | _aA fictional description of a science class studying whales and going on a whale watch with their science teacher Ms. Frizzle. | ||
| 521 | 8 |
_a590
_bLexile |
|
| 521 | 8 |
_aO
_bRaz-Plus |
|
| 650 |
_aMagic School Bus _vOcean |
||
| 942 |
_2ddc _cBK _n0 |
||
| 999 |
_c4246 _d4246 |
||